000 00330nam a22001457a 4500
008 230616b ||||| |||| 00| 0 eng d
020 _a978835113515
041 _aeng
080 _a615
082 _a615WEI
100 _a13
101 _aFAR
245 _aTRADITIONAL MEDICINE AND PHARMACOLOGY
_cWEIKANG .FU
942 _2udc
_cBK
999 _c60006
_d60006